| 000 | 00640nam a22002177a 4500 | ||
|---|---|---|---|
| 005 | 20210325211201.0 | ||
| 008 | s2012 eng d | ||
| 020 | _a9781422186701 | ||
| 041 | _aeng | ||
| 050 | _aHD57.7 M84I 2012 | ||
| 100 | 0 | _aMukunda, Gautam | |
| 245 | 1 | 0 | _aIndispensable : when leaders really matter |
| 260 | 3 |
_aBoston : _bHarvard Business Review Press, _c2012 |
|
| 300 |
_a301 p. ; _b 24 cm. |
||
| 650 | 0 | 4 | _aLeadership |
| 850 | _aNALT | ||
| 942 | _cGB | ||
| 997 | _a9763 | ||
| 997 | _c000000000068161 | ||
| 998 | _aนางสุกัญญา กัลยา | ||
| 999 |
_c68161 _d68161 |
||